[Event "Karpos Open 2016"]
[Site "Skopje, MKD"]
[Date "2016.04.03"]
[Round "5"]
[Board "9"]
[White "Ivanisevic, Ivan"]
[Black "Livaic, Leon"]
[Result "1-0"]
[WhiteElo "2651"]
[BlackElo "2380"]
[PlyCount "79"]
[EventDate "2016.04.01"]
[EventRounds "9"]
[EventCountry "MKD"]

1. d4 e6 2. c4 f5 3. Nc3 Nf6 4. e3 Bb4 5. Bd2 O-O 6. Bd3 b6 7. Nge2 Bb7 8. O-O
d6 9. f3 Nbd7 10. a3 Bxc3 11. Nxc3 Qe7 12. b4 c5 13. Qb3 g6 14. a4 e5 15. a5
Rab8 16. a6 Bc6 17. b5 cxd4 18. exd4 exd4 19. Rae1 Qf7 20. Ne2 Nc5 21. Qa3 Ba8
22. Nxd4 d5 23. cxd5 Bxd5 24. Bb4 Rbc8 25. Bb1 Rfe8 26. Rxe8+ Qxe8 27. Re1 Qd7
28. Qb2 Re8 29. Nxf5 Rxe1+ 30. Bxe1 gxf5 31. Qxf6 Qe6 32. Qg5+ Kf7 33. Bg3 Qf6
34. Qf4 Ne6 35. Qxf5 Qxf5 36. Bxf5 Nd4 37. Bd3 Ke7 38. Bb8 Kd7 39. Kf2 Kc8 40.
Be5 1-0

[Event "Karpos Open 2016"]
[Site "Skopje, MKD"]
[Date "2016.04.03"]
[Round "5"]
[Board "10"]
[White "Georgiev, Kiril"]
[Black "Danchevski, Orce"]
[Result "1-0"]
[WhiteElo "2631"]
[BlackElo "2366"]
[PlyCount "125"]
[EventDate "2016.04.01"]
[EventRounds "9"]
[EventCountry "MKD"]

1. d4 Nf6 2. Nf3 e6 3. Bf4 b6 4. e3 Bb7 5. Nbd2 Be7 6. h3 c5 7. c3 O-O 8. Bd3
d6 9. O-O Nc6 10. Bg3 Qc7 11. a3 e5 12. Qb1 g6 13. b4 Nd7 14. d5 Ncb8 15. e4
Nf6 16. a4 Nh5 17. Bh2 Nd7 18. a5 Nf4 19. Bb5 Nh5 20. Nc4 Nhf6 21. a6 Bc8 22.
Bc6 Rb8 23. Na3 Bxa6 24. Re1 Rbd8 25. Qa2 Nb8 26. Nb5 Bxb5 27. Bxb5 a5 28. bxa5
bxa5 29. Qxa5 Qxa5 30. Rxa5 Nfd7 31. Ra7 f5 32. Rb7 Rf7 33. Ra1 fxe4 34. Nd2 e3
35. fxe3 Bg5 36. Ne4 Bxe3+ 37. Kh1 Nf8 38. Raa7 Rxb7 39. Rxb7 h6 40. Nxd6 Nbd7
41. Ne4 Ra8 42. g4 Ra1+ 43. Kg2 Ra2+ 44. Kf3 Rxh2 45. Kxe3 Rxh3+ 46. Kf2 Rh2+
47. Kg3 Rb2 48. Rxd7 Nxd7 49. Bxd7 Rc2 50. Be6+ Kf8 51. d6 Rc1 52. c4 Rd1 53.
Bd5 Rxd5 54. cxd5 c4 55. Kf3 Ke8 56. Nf6+ Kd8 57. Ke3 h5 58. Nxh5 Kd7 59. Nf6+
Kxd6 60. g5 Kc5 61. Ke4 Kd6 62. Ng4 c3 63. Ne3 1-0

[Event "Karpos Open 2016"]
[Site "Skopje, MKD"]
[Date "2016.04.03"]
[Round "5"]
[Board "11"]
[White "Zlatanovic, Boroljub"]
[Black "Brkic, Ante"]
[Result "1-0"]
[WhiteElo "2375"]
[BlackElo "2598"]
[PlyCount "91"]
[EventDate "2016.04.01"]
[EventRounds "9"]
[EventCountry "MKD"]

1. e4 c5 2. g3 Nc6 3. Bg2 g6 4. Ne2 Bg7 5. c4 e6 6. Nbc3 Nge7 7. d3 d6 8. h4 h5
9. Bg5 b6 10. e5 Bb7 11. exd6 Qxd6 12. Ne4 Qc7 13. Nf6+ Kf8 14. O-O Ne5 15. d4
Nf3+ 16. Bxf3 Bxf3 17. dxc5 Rd8 18. cxb6 axb6 19. Qc2 Qe5 20. Rfe1 Bxf6 21. Nc3
Qd4 22. Rad1 Bxd1 23. Rxd1 Bxg5 24. Rxd4 Rxd4 25. hxg5 h4 26. Ne2 Rd7 27. g4
Kg7 28. Qe4 Rhd8 29. Nc3 Kg8 30. Qe5 Nc6 31. Qb5 Nd4 32. Qxb6 Nf3+ 33. Kg2 Rd3
34. Nd5 Ra8 35. Nf4 Ne1+ 36. Kf1 Rd1 37. Ke2 Rb1 38. Qb3 Rd8 39. Qc3 Rdd1 40.
Nxe6 fxe6 41. Qf6 Nd3 42. Qxg6+ Kf8 43. Qf6+ Ke8 44. g6 e5 45. Qf7+ Kd8 46. g7
 1-0

[Event "Karpos Open 2016"]
[Site "Skopje, MKD"]
[Date "2016.04.03"]
[Round "5"]
[Board "12"]
[White "Saric, Ante"]
[Black "Tsolakidou, Stavroula"]
[Result "1-0"]
[WhiteElo "2587"]
[BlackElo "2355"]
[PlyCount "53"]
[EventDate "2016.04.01"]
[EventRounds "9"]
[EventCountry "MKD"]

1. d4 Nf6 2. c4 e6 3. Nf3 Bb4+ 4. Nbd2 b6 5. a3 Bxd2+ 6. Qxd2 Bb7 7. e3 O-O 8.
Be2 Ne4 9. Qd3 f5 10. O-O Rf6 11. d5 Rh6 12. b4 d6 13. Bb2 Nd7 14. g3 c5 15.
Nh4 Rc8 16. f3 Nxg3 17. hxg3 Qg5 18. Kg2 Rxh4 19. dxe6 Ne5 20. Bxe5 dxe5 21.
Qd7 f4 22. Rg1 Bxf3+ 23. Kxf3 e4+ 24. Kf2 Rh2+ 25. Kf1 Ra8 26. gxf4 Qh6 27. e7
 1-0

[Event "Karpos Open 2016"]
[Site "Skopje, MKD"]
[Date "2016.04.03"]
[Round "5"]
[Board "13"]
[White "Mastrovasilis, Athanasios"]
[Black "Nikolov, Sasho"]
[Result "1-0"]
[WhiteElo "2538"]
[BlackElo "2346"]
[PlyCount "83"]
[EventDate "2016.04.01"]
[EventRounds "9"]
[EventCountry "MKD"]

1. Nf3 Nf6 2. c4 e6 3. g3 b6 4. Bg2 Bb7 5. O-O Be7 6. b3 O-O 7. Bb2 c5 8. e3 d5
9. Nc3 Nbd7 10. Qe2 Qc7 11. Rfd1 Rad8 12. Rac1 Qb8 13. cxd5 Nxd5 14. Nxd5 Bxd5
15. e4 Bb7 16. d4 Qa8 17. Re1 cxd4 18. Nxd4 Nc5 19. Rcd1 Rd7 20. b4 Na4 21. Nf5
exf5 22. Rxd7 Bxb4 23. Rc1 Bxe4 24. Bxe4 fxe4 25. Ba1 Nc5 26. Qg4 g6 27. Rd4 a5
28. Rcd1 e3 29. fxe3 Ne6 30. Rd5 Re8 31. Qf3 Bf8 32. Rf1 Qb7 33. e4 Bg7 34.
Bxg7 Nxg7 35. Rfd1 Qe7 36. Rd7 Qe6 37. R1d5 f5 38. e5 Qc6 39. Rd8 Ne6 40. Rxe8+
Qxe8 41. Rd6 Kg7 42. Qc6 1-0

[Event "Karpos Open 2016"]
[Site "Skopje, MKD"]
[Date "2016.04.03"]
[Round "5"]
[Board "14"]
[White "Radlovacki, Jovan"]
[Black "Kovacevic, Aleksandar"]
[Result "0-1"]
[WhiteElo "2343"]
[BlackElo "2520"]
[PlyCount "57"]
[EventDate "2016.04.01"]
[EventRounds "9"]
[EventCountry "MKD"]

1. e4 c5 2. Nf3 e6 3. c3 Nf6 4. d3 Nc6 5. g3 Be7 6. Bg2 O-O 7. O-O d6 8. Re1
Bd7 9. Na3 Qc7 10. h3 a6 11. Nc2 b5 12. d4 cxd4 13. cxd4 Rac8 14. Bf4 e5 15.
Bc1 Bd8 16. b3 Qb8 17. Ba3 Re8 18. Rc1 Bb6 19. Qd2 exd4 20. Nfxd4 Nxd4 21. Nxd4
Rxc1 22. Bxc1 d5 23. e5 Rxe5 24. Rxe5 Qxe5 25. Bb2 Ne4 26. Qd3 h5 27. Qe3 b4
28. Nf3 Bxe3 29. Bc1 0-1

[Event "Karpos Open 2016"]
[Site "Skopje, MKD"]
[Date "2016.04.03"]
[Round "5"]
[Board "15"]
[White "Maksimovic, Branimir"]
[Black "Ali Marandi, Cemil Can"]
[Result "1-0"]
[WhiteElo "2330"]
[BlackElo "2473"]
[PlyCount "87"]
[EventDate "2016.04.01"]
[EventRounds "9"]
[EventCountry "MKD"]

1. Nf3 d5 2. c4 c6 3. e3 Nf6 4. Nc3 e6 5. b3 Nbd7 6. Qc2 Bd6 7. Bb2 O-O 8. Rg1
e5 9. cxd5 Nxd5 10. Ne4 Bc7 11. g4 Re8 12. g5 Nf8 13. h4 Bf5 14. a3 Bg6 15. Be2
Kh8 16. O-O-O a5 17. d3 a4 18. b4 Nd7 19. Nfd2 Qe7 20. h5 Bf5 21. Bg4 Bxg4 22.
Rxg4 Rad8 23. Qxa4 b5 24. Qc2 Bb6 25. Nb3 Bxe3+ 26. fxe3 Nxe3 27. Qe2 Nxd1 28.
Qxd1 f5 29. gxf6 Nxf6 30. Nxf6 gxf6 31. Nc5 Rg8 32. Kc2 Qf7 33. Rxg8+ Rxg8 34.
Qf3 Rg5 35. Qxc6 Rxh5 36. Qxb5 Rh2+ 37. Kb1 h5 38. Qc6 h4 39. b5 h3 40. b6 Rg2
41. Qc8+ Kg7 42. Qxh3 Rg1+ 43. Bc1 Qd5 44. Qd7+ 1-0

[Event "Karpos Open 2016"]
[Site "Skopje, MKD"]
[Date "2016.04.03"]
[Round "5"]
[Board "16"]
[White "Supancic, Darko"]
[Black "Firat, Burak"]
[Result "0-1"]
[WhiteElo "2313"]
[BlackElo "2460"]
[PlyCount "78"]
[EventDate "2016.04.01"]
[EventRounds "9"]
[EventCountry "MKD"]

1. d4 d5 2. Nf3 Nf6 3. Bf4 c5 4. c3 Nc6 5. e3 Qb6 6. Qb3 c4 7. Qc2 Bf5 8. Qc1
Nh5 9. Bg3 f6 10. Be2 e5 11. Nh4 Nxg3 12. hxg3 Bd3 13. Bxd3 cxd3 14. Ng6 Rg8
15. Nxf8 Rxf8 16. Nd2 O-O-O 17. Nb3 e4 18. Qd1 f5 19. Qd2 h6 20. O-O-O Kb8 21.
Nc5 Ne7 22. f3 Qd6 23. Qe1 b6 24. Nb3 Ng8 25. Nd2 Nf6 26. Kb1 Rc8 27. Rc1 Rc7
28. Rf1 g6 29. Qf2 h5 30. fxe4 dxe4 31. Qf4 Qxf4 32. gxf4 Ng4 33. Rce1 h4 34.
Rh1 Rh8 35. Rh3 Nf2 36. Rh2 h3 37. g3 Ng4 38. Nf1 Nxh2 39. Nxh2 g5 0-1

[Event "Karpos Open 2016"]
[Site "Skopje, MKD"]
[Date "2016.04.03"]
[Round "5"]
[Board "17"]
[White "Cvetkovic, Srdjan"]
[Black "Neelotpal, Das"]
[Result "1/2-1/2"]
[WhiteElo "2312"]
[BlackElo "2457"]
[PlyCount "112"]
[EventDate "2016.04.01"]
[EventRounds "9"]
[EventCountry "MKD"]

1. c4 e5 2. Nc3 Bb4 3. Qc2 Nf6 4. e3 Bxc3 5. Qxc3 Qe7 6. Nf3 e4 7. Nd4 d6 8. b3
c5 9. Ne2 Nc6 10. Bb2 Bf5 11. Ng3 Bg6 12. Be2 h5 13. d3 exd3 14. Bxd3 O-O-O 15.
O-O Ne5 16. Bxg6 fxg6 17. h3 h4 18. Ne2 g5 19. Qc2 Kb8 20. Qf5 g6 21. Qxg5 Rh5
22. Qf4 Rf5 23. Qh2 Nd3 24. Bxf6 Qxf6 25. Nf4 Nxf4 26. exf4 Rxf4 27. Rae1 g5
28. Re2 Rf8 29. f3 g4 30. hxg4 Rxg4 31. Rfe1 Rg3 32. Kh1 a6 33. Re8+ Rxe8 34.
Rxe8+ Ka7 35. Re4 Qa1+ 36. Qg1 Qxa2 37. Rxh4 Qxb3 38. Qe1 Rg7 39. Kh2 Qc2 40.
Rg4 Rxg4 41. fxg4 Qxc4 42. g5 Qd4 43. Kg3 Qg7 44. Qe3 a5 45. Qf4 c4 46. Qf2+ b6
47. Qf6 Qc7 48. g6 c3 49. Qf7 Qxf7 50. gxf7 c2 51. f8=Q c1=Q 52. Qxd6 Qc3+ 53.
Kf4 Qc4+ 54. Ke3 Qc3+ 55. Kf4 Qc4+ 56. Ke3 Qc3+ 1/2-1/2

[Event "Karpos Open 2016"]
[Site "Skopje, MKD"]
[Date "2016.04.03"]
[Round "5"]
[Board "18"]
[White "Percivaldi, Martin"]
[Black "Yilmazyerli, Mert"]
[Result "1-0"]
[WhiteElo "2306"]
[BlackElo "2444"]
[PlyCount "153"]
[EventDate "2016.04.01"]
[EventRounds "9"]
[EventCountry "MKD"]

1. d4 d5 2. c4 e5 3. dxe5 d4 4. Nf3 Nc6 5. g3 Bg4 6. Nbd2 Qd7 7. Bg2 Bh3 8. O-O
h5 9. Bxh3 Qxh3 10. Ne4 h4 11. Neg5 Qd7 12. e6 fxe6 13. Nxh4 O-O-O 14. Qb3 Nf6
15. c5 Nd5 16. e4 dxe3 17. Bxe3 Be7 18. Ng6 Rh6 19. Nxe7+ Qxe7 20. h4 Rf6 21.
Rae1 Rf5 22. Qc4 Kb8 23. Kg2 Ne5 24. Qe2 Nd3 25. Rd1 Nxe3+ 26. Qxe3 Re5 27. Qf3
Rf5 28. Qe4 Nxc5 29. Qe3 a5 30. Rfe1 Rxd1 31. Rxd1 b6 32. b3 Qe8 33. Kg1 Qc6
34. a3 Rd5 35. Rc1 Qd7 36. b4 axb4 37. axb4 Nd3 38. Rb1 Re5 39. Qd2 Rd5 40. Qc3
Ne5 41. Re1 Qd6 42. Ne4 Qd7 43. Ng5 Qd6 44. Re4 Kb7 45. Kg2 Rb5 46. Nf3 Nxf3
47. Qxf3 Rf5 48. Qe2 Rf6 49. f3 Kb8 50. h5 Qd5 51. g4 Qd7 52. Kg3 Qd6+ 53. f4
g5 54. hxg6 Rxg6 55. Re5 Qxb4 56. Rxe6 Rxe6 57. Qxe6 Qc3+ 58. Kh4 Qh8+ 59. Kg5
Qg7+ 60. Qg6 Qe7+ 61. Qf6 Qe3 62. Qe5 Qd2 63. Kg6 Qg2 64. g5 Qc6+ 65. Qf6 Qe8+
66. Qf7 Qc6+ 67. Kh7 Qe4+ 68. g6 b5 69. f5 Qh4+ 70. Kg7 b4 71. f6 Qd4 72. Qe6
Kb7 73. Kf7 Qh4 74. g7 Qh5+ 75. Ke7 Qc5+ 76. Ke8 Qb5+ 77. Kf8 1-0

[Event "Karpos Open 2016"]
[Site "Skopje, MKD"]
[Date "2016.04.03"]
[Round "5"]
[Board "19"]
[White "Burcu, Cagatay"]
[Black "Stojanovski, Dejan"]
[Result "1/2-1/2"]
[WhiteElo "2219"]
[BlackElo "2437"]
[PlyCount "40"]
[EventDate "2016.04.01"]
[EventRounds "9"]
[EventCountry "MKD"]

1. d4 Nf6 2. Nf3 e6 3. c4 b6 4. g3 Ba6 5. Qa4 Bb7 6. Bg2 c5 7. dxc5 Bxc5 8. O-O
O-O 9. Nc3 Be7 10. Rd1 Na6 11. Bf4 Nc5 12. Qc2 Qc8 13. Rac1 Nce4 14. Nd4 Nxc3
15. Qxc3 Bxg2 16. Kxg2 Qb7+ 17. Qf3 Ne4 18. Nb5 f5 19. h4 Rac8 20. Bd6 Rce8
 1/2-1/2

[Event "Karpos Open 2016"]
[Site "Skopje, MKD"]
[Date "2016.04.03"]
[Round "5"]
[Board "20"]
[White "Yanev, Tihomir"]
[Black "Gokerkan, Cem Kaan"]
[Result "0-1"]
[WhiteElo "2391"]
[BlackElo "2295"]
[PlyCount "108"]
[EventDate "2016.04.01"]
[EventRounds "9"]
[EventCountry "MKD"]

1. d4 g6 2. e4 Bg7 3. Nc3 a6 4. h4 h5 5. Be3 d6 6. Qd2 Nd7 7. O-O-O b5 8. Nh3
Bb7 9. f3 Rc8 10. Kb1 c5 11. dxc5 Nxc5 12. Ng5 Qa5 13. Bd4 Nf6 14. Be2 Ncd7 15.
a3 Ne5 16. Nd5 Qxd2 17. Rxd2 Nxd5 18. exd5 O-O 19. Re1 Rfe8 20. f4 Nc4 21. Bxc4
Rxc4 22. Bxg7 Kxg7 23. g3 a5 24. b3 Rc7 25. Ne4 Kf8 26. Re3 Rb8 27. Kb2 Bc8 28.
Rc3 Rxc3 29. Kxc3 Bf5 30. Re2 Rc8+ 31. Kb2 Rc7 32. Nc3 Rb7 33. b4 axb4 34. axb4
Kg7 35. Re3 Kf6 36. Ne2 Bh3 37. c4 bxc4 38. Kc3 Rc7 39. Kd4 Bf1 40. Nc3 Bd3 41.
Nd1 Rb7 42. Kc3 Rb5 43. Nb2 Rxd5 44. Nxc4 Bf5 45. Nd2 Rb5 46. Ne4+ Kg7 47. Kc4
Rb7 48. Nd2 Bd7 49. Nf3 Kf6 50. Nd4 Rc7+ 51. Kb3 Rc1 52. b5 e5 53. fxe5+ dxe5
54. Nf3 Rb1+ 0-1

[Event "Karpos Open 2016"]
[Site "Skopje, MKD"]
[Date "2016.04.03"]
[Round "5"]
[Board "21"]
[White "Strugnell, Carl"]
[Black "Abramovic, Bosko"]
[Result "0-1"]
[WhiteElo "2193"]
[BlackElo "2388"]
[PlyCount "114"]
[EventDate "2016.04.01"]
[EventRounds "9"]
[EventCountry "MKD"]

1. e4 c5 2. Nf3 e6 3. Nc3 a6 4. d4 cxd4 5. Nxd4 b5 6. Bd3 Bb7 7. O-O Nc6 8.
Nxc6 Bxc6 9. Qe2 Bc5 10. Be3 Bxe3 11. Qxe3 Ne7 12. e5 O-O 13. a4 b4 14. Ne4 Nf5
15. Qe2 a5 16. Nd2 d6 17. Nc4 dxe5 18. Nxe5 Rc8 19. Nxc6 Rxc6 20. Qe4 Rd6 21.
Bb5 Nd4 22. Bd3 g6 23. Rfe1 Qc7 24. Re3 Rfd8 25. Rae1 Nf5 26. Rh3 Rd4 27. Qe2
Qc5 28. g4 Ng7 29. Rg3 Qg5 30. Qe5 Qxe5 31. Rxe5 R4d5 32. Rge3 Ne8 33. Kg2 Nc7
34. Kf3 f6 35. Rxd5 Rxd5 36. Bc4 Rd6 37. Rd3 Rxd3+ 38. cxd3 Kf7 39. Ke4 Ke7 40.
f4 Kd6 41. g5 f5+ 42. Kd4 Na8 43. Ba2 Nb6 44. Bb3 Nd7 45. h3 Nb6 46. h4 Nd7 47.
Bd1 e5+ 48. fxe5+ Nxe5 49. Be2 Nc6+ 50. Kc4 Ke5 51. Kc5 Nd4 52. Bf1 f4 53. Kb6
Nb3 54. Bg2 Kd4 55. h5 gxh5 56. Be4 Nc5 57. Kxa5 Nxe4 0-1

[Event "Karpos Open 2016"]
[Site "Skopje, MKD"]
[Date "2016.04.03"]
[Round "5"]
[Board "22"]
[White "Vega Gutierrez, Sabrina"]
[Black "Ivanov, Stojan Emilov"]
[Result "1-0"]
[WhiteElo "2381"]
[BlackElo "2231"]
[PlyCount "57"]
[EventDate "2016.04.01"]
[EventRounds "9"]
[EventCountry "MKD"]

1. e4 c5 2. Nf3 Nc6 3. d4 cxd4 4. Nxd4 e5 5. Nb5 a6 6. Nd6+ Bxd6 7. Qxd6 Qf6 8.
Qd1 Qg6 9. Nc3 d5 10. Nxd5 Qxe4+ 11. Be3 Nd4 12. Nc7+ Ke7 13. Qd3 Qxd3 14. Bxd3
Rb8 15. f4 f6 16. O-O Nh6 17. fxe5 fxe5 18. c3 Nc6 19. Rad1 Kd6 20. Bb6 Bg4 21.
Be2+ Nd4 22. Bxg4 Nxg4 23. cxd4 Kc6 24. Ba5 b6 25. Rc1+ Kb7 26. Bb4 exd4 27.
Rf7 Ne5 28. Nb5+ Nxf7 29. Rc7+ 1-0

[Event "Karpos Open 2016"]
[Site "Skopje, MKD"]
[Date "2016.04.03"]
[Round "5"]
[Board "23"]
[White "Damljanovic, Branko"]
[Black "Ozen, Bahadir"]
[Result "1/2-1/2"]
[WhiteElo "2588"]
[BlackElo "2221"]
[PlyCount "142"]
[EventDate "2016.04.01"]
[EventRounds "9"]
[EventCountry "MKD"]

1. Nf3 Nf6 2. c4 e6 3. g3 d5 4. Bg2 Be7 5. O-O O-O 6. b3 d4 7. e3 c5 8. exd4
cxd4 9. d3 Nc6 10. a3 a5 11. Ra2 Re8 12. Re2 Bd6 13. Qc2 h6 14. Rfe1 e5 15. c5
Bc7 16. Nbd2 Bf5 17. Nh4 Bg4 18. Bf3 Bxf3 19. Nhxf3 Qd7 20. Bb2 Rad8 21. Nh4
Qh3 22. f3 Nd5 23. Ng2 g5 24. Ne4 f5 25. Qc4 fxe4 26. fxe4 Qe6 27. exd5 Qxd5
28. Bc1 Qxc4 29. bxc4 Nb8 30. a4 Nd7 31. Ba3 b6 32. c6 Nb8 33. h4 Nxc6 34. hxg5
hxg5 35. Re4 Rd7 36. Rf1 Rf7 37. Ne1 Rxf1+ 38. Kxf1 Kf7 39. Nf3 Bd8 40. Bc1 Kg6
41. Ke2 Kf5 42. g4+ Kg6 43. Kd1 Bf6 44. Ba3 Rh8 45. Bd6 Rh1+ 46. Ke2 Ra1 47.
Nxe5+ Bxe5 48. Bxe5 Ra2+ 49. Kd1 Ra3 50. Kd2 Ra2+ 51. Kc1 Rxa4 52. Bc7 Ra1+ 53.
Kb2 Rf1 54. Bxb6 Rf4 55. Re6+ Rf6 56. Rxf6+ Kxf6 57. Kb3 Ke6 58. Ka4 Kd7 59.
Bxa5 Ne5 60. Bb6 Kc6 61. Bxd4 Nxd3 62. Kb3 Ne1 63. Bf2 Nd3 64. Bg3 Nc5+ 65. Kc2
Ne4 66. Be5 Nf2 67. Bd4 Nxg4 68. Kd3 Nh6 69. Ke4 Nf7 70. Kf5 Nd6+ 71. Kxg5 Nxc4
 1/2-1/2

[Event "Karpos Open 2016"]
[Site "Skopje, MKD"]
[Date "2016.04.03"]
[Round "5"]
[Board "24"]
[White "Dhanush, Bharadwaj"]
[Black "Djukic, Nikola"]
[Result "0-1"]
[WhiteElo "2221"]
[BlackElo "2563"]
[PlyCount "86"]
[EventDate "2016.04.01"]
[EventRounds "9"]
[EventCountry "MKD"]

1. Nf3 Nf6 2. c4 g6 3. Nc3 Bg7 4. e4 d6 5. d4 O-O 6. Be2 e5 7. O-O Nc6 8. d5
Ne7 9. b4 a5 10. Ba3 axb4 11. Bxb4 Re8 12. c5 dxc5 13. Bxc5 c6 14. dxc6 Qa5 15.
Bxe7 Rxe7 16. Qd2 bxc6 17. Rfd1 Be6 18. Qc2 Bh6 19. Ne1 Nd7 20. Nd3 Nb6 21. Nc1
Na4 22. Nxa4 Qxa4 23. Qxa4 Rxa4 24. Nb3 Rxe4 25. Bf3 Rc4 26. Na5 Rc5 27. Nxc6
Rc7 28. Nb4 Ra7 29. Bd5 Bg4 30. Bf3 Bf5 31. h3 e4 32. Bg4 Bxg4 33. hxg4 e3 34.
fxe3 Bxe3+ 35. Kh2 Rc4 36. Nd5 Bd4 37. Rac1 Be5+ 38. Kh1 Rxg4 39. Rc2 Rh4+ 40.
Kg1 Bd4+ 41. Kf1 Rh1+ 42. Ke2 Rxd1 43. Kxd1 Rd7 0-1

[Event "Karpos Open 2016"]
[Site "Skopje, MKD"]
[Date "2016.04.04"]
[Round "6"]
[Board "1"]
[White "Valsecchi, Alessio"]
[Black "Svetushkin, Dmitry"]
[Result "0-1"]
[WhiteElo "2492"]
[BlackElo "2562"]
[PlyCount "80"]
[EventDate "2016.04.01"]
[EventRounds "9"]
[EventCountry "MKD"]

1. d4 d5 2. Nf3 Nf6 3. c4 c6 4. Nc3 dxc4 5. e4 b5 6. e5 Nd5 7. a4 e6 8. Be2 Be7
9. O-O Bb7 10. Ne4 h6 11. Bd2 Nd7 12. b3 c3 13. Nxc3 Nxc3 14. Bxc3 b4 15. Bb2
O-O 16. Rc1 Rc8 17. Nd2 c5 18. Nc4 Nb6 19. Nd6 Bxd6 20. exd6 Qg5 21. f3 Nd5 22.
Rf2 Nf4 23. Rxc5 Nh3+ 24. Kf1 Nxf2 25. Kxf2 Qh4+ 26. Kg1 Qf4 27. Re5 Bd5 28.
Bc4 Rfd8 29. g3 Qxf3 30. Qxf3 Bxf3 31. Rc5 Rc6 32. Kf2 Bh1 33. Ra5 Bd5 34. Ke3
Rdxd6 35. Rxa7 Bxc4 36. Ra8+ Kh7 37. bxc4 Rxc4 38. Kd3 Rc7 39. Rb8 Ra7 40. Rxb4
Rda6 0-1

[Event "Karpos Open 2016"]
[Site "Skopje, MKD"]
[Date "2016.04.04"]
[Round "6"]
[Board "2"]
[White "Nikolov, Momchil"]
[Black "Nedev, Trajko"]
[Result "1/2-1/2"]
[WhiteElo "2559"]
[BlackElo "2474"]
[PlyCount "33"]
[EventDate "2016.04.01"]
[EventRounds "9"]
[EventCountry "MKD"]

1. d4 Nf6 2. c4 g6 3. Nc3 Bg7 4. e4 d6 5. f3 O-O 6. Nge2 c5 7. d5 e6 8. Ng3
exd5 9. cxd5 a6 10. a4 Nbd7 11. Be2 Ne8 12. Be3 Rb8 13. Qd2 Nc7 14. a5 b5 15.
axb6 Nb5 16. Nxb5 axb5 17. O-O 1/2-1/2

[Event "Karpos Open 2016"]
[Site "Skopje, MKD"]
[Date "2016.04.04"]
[Round "6"]
[Board "3"]
[White "Dvirnyy, Danyyil"]
[Black "Annaberdiev, Meilis"]
[Result "1-0"]
[WhiteElo "2555"]
[BlackElo "2460"]
[PlyCount "111"]
[EventDate "2016.04.01"]
[EventRounds "9"]
[EventCountry "MKD"]

1. d4 Nf6 2. c4 g6 3. g3 Bg7 4. Bg2 O-O 5. Nc3 d6 6. Nf3 Nc6 7. O-O a6 8. Bf4
Rb8 9. Rc1 h6 10. h3 g5 11. Be3 g4 12. hxg4 Nxg4 13. Bf4 Nxd4 14. Nxd4 e5 15.
e3 exf4 16. exf4 Re8 17. Rc2 h5 18. Nf3 Bf5 19. Rd2 Bxc3 20. bxc3 Qf6 21. Rd5
c6 22. Rd4 Be4 23. Ng5 Bxg2 24. Kxg2 Rbd8 25. Ne4 Qg6 26. f5 Qxf5 27. Nxd6 Rxd6
28. Rxd6 h4 29. Rd4 h3+ 30. Kh1 Nxf2+ 31. Kh2 Kf8 32. Rh4 Qf6 33. Qd4 Qxd4 34.
cxd4 Re2 35. Kg1 Ne4 36. Rxh3 Rxa2 37. Rh7 Ng5 38. Rh5 Ne4 39. Rhf5 Nxg3 40.
Rxf7+ Ke8 41. Rf8+ Ke7 42. R1f7+ Ke6 43. Rf6+ Ke7 44. R8f7+ Ke8 45. Rxb7 Ne2+
46. Kf2 Nxd4+ 47. Ke3 c5 48. Ke4 Rh2 49. Rxa6 Rh4+ 50. Ke5 Nf3+ 51. Kd5 Rh5+
52. Kc6 Nd4+ 53. Kb6 Rh6+ 54. Ka5 Nc6+ 55. Ka4 Rd6 56. Rc7 1-0

[Event "Karpos Open 2016"]
[Site "Skopje, MKD"]
[Date "2016.04.04"]
[Round "6"]
[Board "4"]
[White "Ivanisevic, Ivan"]
[Black "Enchev, Ivajlo"]
[Result "1-0"]
[WhiteElo "2651"]
[BlackElo "2470"]
[PlyCount "91"]
[EventDate "2016.04.01"]
[EventRounds "9"]
[EventCountry "MKD"]

1. d4 Nf6 2. c4 e6 3. Nc3 Bb4 4. Qc2 O-O 5. e4 d5 6. e5 Ne4 7. Bd3 c5 8. Nf3
cxd4 9. Nxd4 Nd7 10. Bf4 Ndc5 11. O-O Bxc3 12. bxc3 Qh4 13. g3 Qe7 14. Be2 f6
15. exf6 Nxf6 16. Be3 e5 17. Nb3 Nxb3 18. axb3 Be6 19. b4 Rfc8 20. c5 Ng4 21.
Qd2 Nxe3 22. Qxe3 Bf7 23. Rfe1 a5 24. Bg4 Re8 25. Rxa5 Rxa5 26. bxa5 Qc7 27.
Ra1 Ra8 28. Be2 Rd8 29. Ra4 Qd7 30. Rg4 Bh5 31. Rh4 Bg6 32. Bf1 Qe7 33. Rb4 Qc7
34. Qg5 Ra8 35. Rb6 Rxa5 36. Rxb7 Qxb7 37. Qd8+ Kf7 38. Qxa5 Bf5 39. Bb5 d4 40.
c6 Qe7 41. Bc4+ Kf6 42. c7 Qd7 43. Qb6+ Ke7 44. cxd4 exd4 45. Qc5+ Kf6 46. Ba6
 1-0

[Event "Karpos Open 2016"]
[Site "Skopje, MKD"]
[Date "2016.04.04"]
[Round "6"]
[Board "5"]
[White "Markus, Robert"]
[Black "Vega Gutierrez, Sabrina"]
[Result "1-0"]
[WhiteElo "2651"]
[BlackElo "2381"]
[PlyCount "78"]
[EventDate "2016.04.01"]
[EventRounds "9"]
[EventCountry "MKD"]

1. d4 Nf6 2. c4 d6 3. Nf3 g6 4. Nc3 Bg7 5. e4 O-O 6. Be2 Na6 7. O-O e5 8. Be3
Ng4 9. Bg5 Qe8 10. h3 f6 11. Bc1 Nh6 12. Rb1 exd4 13. Nxd4 Nc5 14. Re1 Ne6 15.
Be3 Nf7 16. f4 c6 17. Bf3 Nxd4 18. Bxd4 g5 19. f5 Qe7 20. Qe2 Bd7 21. Rbd1 Ne5
22. b3 Be8 23. Bh5 Bxh5 24. Qxh5 a6 25. Re3 Rfd8 26. h4 g4 27. Ne2 Qf7 28. Nf4
Qxh5 29. Nxh5 c5 30. Bxe5 dxe5 31. Rd5 Rxd5 32. exd5 Kf7 33. Kf2 Bf8 34. Kg3
Bd6 35. Kxg4 b5 36. Ng3 Rb8 37. Ne4 Rb6 38. b4 Bf8 39. bxc5 Rb8 1-0

[Event "Karpos Open 2016"]
[Site "Skopje, MKD"]
[Date "2016.04.04"]
[Round "6"]
[Board "6"]
[White "Firat, Burak"]
[Black "Perunovic, Milos"]
[Result "1/2-1/2"]
[WhiteElo "2460"]
[BlackElo "2641"]
[PlyCount "40"]
[EventDate "2016.04.01"]
[EventRounds "9"]
[EventCountry "MKD"]

1. e4 c5 2. Nf3 e6 3. d4 cxd4 4. Nxd4 Nc6 5. Nc3 Qc7 6. f4 a6 7. Nxc6 Qxc6 8.
Bd3 b5 9. Qe2 Bb7 10. Bd2 Rc8 11. O-O-O b4 12. Nd5 Qa4 13. Nb6 Qxa2 14. Be3
Qa1+ 15. Kd2 Qxb2 16. Nxc8 Qc3+ 17. Kc1 Qa1+ 18. Kd2 Qc3+ 19. Kc1 Qa1+ 20. Kd2
Qc3+ 1/2-1/2

[Event "Karpos Open 2016"]
[Site "Skopje, MKD"]
[Date "2016.04.04"]
[Round "6"]
[Board "7"]
[White "Milanovic, Danilo"]
[Black "Georgiev, Kiril"]
[Result "0-1"]
[WhiteElo "2485"]
[BlackElo "2631"]
[PlyCount "78"]
[EventDate "2016.04.01"]
[EventRounds "9"]
[EventCountry "MKD"]

1. d4 Nf6 2. c4 e6 3. Nc3 Bb4 4. e3 O-O 5. Bd3 d5 6. cxd5 exd5 7. Nge2 Re8 8.
Bd2 c5 9. dxc5 Bxc5 10. Nb5 Nc6 11. Rc1 Bb6 12. O-O Bg4 13. Bc3 a6 14. Nbd4
Nxd4 15. exd4 Ne4 16. Qc2 g6 17. Ng3 Nxc3 18. bxc3 Rc8 19. Qb3 Rc6 20. Rc2 Qd6
21. Rfc1 Bd7 22. Nf1 Ba5 23. a4 Bc7 24. Qa2 Be6 25. g3 h5 26. Ne3 h4 27. Bf1 h3
28. Rd1 Rc8 29. c4 Bd8 30. Rb2 Rxc4 31. Bxc4 dxc4 32. d5 Bd7 33. Nxc4 Qf6 34.
Ne3 Bxa4 35. Qxa4 Qxb2 36. Qd7 Qc3 37. Qxh3 Bb6 38. Rd3 Qe1+ 39. Kg2 Rc2 0-1

[Event "Karpos Open 2016"]
[Site "Skopje, MKD"]
[Date "2016.04.04"]
[Round "6"]
[Board "8"]
[White "Abramovic, Bosko"]
[Black "Saric, Ante"]
[Result "0-1"]
[WhiteElo "2388"]
[BlackElo "2587"]
[PlyCount "56"]
[EventDate "2016.04.01"]
[EventRounds "9"]
[EventCountry "MKD"]

1. Nf3 d5 2. d4 Nf6 3. c4 e6 4. Nc3 dxc4 5. e3 a6 6. a4 b6 7. Bxc4 Bb7 8. O-O
Bb4 9. Qe2 O-O 10. Rd1 Qe7 11. Bd2 Nbd7 12. Be1 Rfd8 13. Rac1 h6 14. h3 c5 15.
d5 Bxc3 16. d6 Qf8 17. Bxc3 Ne4 18. Qd3 Nxc3 19. Qxc3 Nf6 20. Qe5 Bd5 21. a5
Rxd6 22. e4 Nxe4 23. axb6 Bxc4 24. Qxe4 Bd5 25. Qe3 Rxb6 26. Rxc5 Rxb2 27. Ne5
Re2 28. Qxe2 Qxc5 0-1

[Event "Karpos Open 2016"]
[Site "Skopje, MKD"]
[Date "2016.04.04"]
[Round "6"]
[Board "9"]
[White "Maiorov, Nikita"]
[Black "Zlatanovic, Boroljub"]
[Result "1-0"]
[WhiteElo "2547"]
[BlackElo "2375"]
[PlyCount "54"]
[EventDate "2016.04.01"]
[EventRounds "9"]
[EventCountry "MKD"]

1. d4 g6 2. g3 Bg7 3. Bg2 d6 4. Nf3 Nf6 5. c4 O-O 6. O-O Nc6 7. Nc3 e5 8. d5
Ne7 9. e4 Ne8 10. Bd2 f5 11. Qc1 Nf6 12. Ng5 Nxe4 13. Ngxe4 fxe4 14. Nxe4 Bf5
15. Qc3 Qd7 16. Qb3 Bxe4 17. Bxe4 b6 18. Kg2 Nf5 19. Qd3 Rf7 20. f3 Raf8 21.
Rf2 h5 22. Kh1 Kh7 23. Raf1 Ne7 24. Bg5 Bf6 25. Bd2 Bg7 26. Rg1 Bh6 27. Be1 Bg5
 1-0